000 00689nam a2200253 i 4500
001 bgj
100 1 _aOEHLER, Dolf.
245 1 0 _aAntiborgeiose Ästhetik bei Baudelaire, Daumier und Heine /
_cDolf Oehler.
246 _aPariser Bilder :
_b(1830-1848) /
_pBd. 1.
260 _aFrankfurt am Main :
_bSuhrkamp Verlag,
_c1979.
300 _a300, [1] s. ;
_c18 cm.
490 1 _aEdition Suhrkamp
_v725
504 _aBibliogr. 299-[301].
650 9 _aLiteratura
830 _aEdition Suhrkamp
020 _a3518107259
040 _cBPK
041 0 _ager
044 _aDEU
080 _a82
920 _a3-518-10725-9
942 _cKS
008 s gw f |000 0 ger
999 _c50255
_d50255
856 _uhttp://koha.tu.koszalin.pl/cgi-bin/koha/opac-detail.pl?biblionumber=50255
_yKatalog online BPK